| 000 -LEADER |
| fixed length control field |
00618nam a22001577a 4500 |
| 003 - CONTROL NUMBER IDENTIFIER |
| control field |
OSt |
| 005 - DATE AND TIME OF LATEST TRANSACTION |
| control field |
20151004093424.0 |
| 008 - FIXED-LENGTH DATA ELEMENTS--GENERAL INFORMATION |
| fixed length control field |
151004b xxu||||| |||| 00| 0 eng d |
| 040 ## - CATALOGING SOURCE |
| Transcribing agency |
RUA |
| 082 ## - DEWEY DECIMAL CLASSIFICATION NUMBER |
| Classification number |
AVM ង៉ែត 1989 B065 Or.1 |
| 100 ## - MAIN ENTRY--PERSONAL NAME |
| 9 (RLIN) |
1968 |
| Personal name |
ង៉ែត សុទ្ធារ៉ា |
| 245 ## - TITLE STATEMENT |
| Title |
សន្ទស្សន៍មួយចំនូួននៃមុខងាររបស់់មេជ្រូកពូជនៅកសិដ្ឋានចិញ្ចឹមជ្រូកស្ទឹងមានជ័យ |
| 260 ## - PUBLICATION, DISTRIBUTION, ETC. (IMPRINT) |
| Place of publication, distribution, etc. |
Phnom Penh |
| Name of publisher, distributor, etc. |
RUA |
| Date of publication, distribution, etc. |
1989 |
| 300 ## - PHYSICAL DESCRIPTION |
| Extent |
76p. |
| Other physical details |
ill. |
| Dimensions |
29cm. |
| 942 ## - ADDED ENTRY ELEMENTS (KOHA) |
| Source of classification or shelving scheme |
|
| Koha item type |
AVM |